The Europeans : (رقم التسجيلة. 19715)

تفاصيل مارك
000 -الفاتح
حقل البيانات ثابتة الطول 00885pam a2200289 a 4500
001 - رقم الضبط
رقم الضبط 013688830
003 - محدد رقم الضبط
رقم الضبط OSt
005 - وقت وتاريخ اخر تعامل مع التسجيلة
رقم الضبط 20150408113958.0
008 - عناصر البيانات ثابتة الطول - معلومات عامة
حقل البيانات ثابتة الطول 111213s2009 enk 000 1 eng d
020 ## - الرقم الدولى المعيارى للكتب
الرقم الدولى المعيارى للكتاب 9780199555635
040 ## - مصدر الفهرسة
وكالة الفهرسة الأصلية StDuBDS
لغة الفهرسة eng
وكالة النسخ MU
042 ## - رمز التحقق
رمز التحقق ukblcatcopy
082 04 - رقم تصنيف ديوى العشرى
رقم التصنيف 823.4 J H E
رقم الطبعة 22
100 1# - المدخل الرئيسى - إسم شخصى
الإسم الشخصى James, Henry,
التواريخ المصاحبة للاسم 1843-1916.
245 14 - بيان العنوان
العنوان The Europeans :
بقية العنوان a sketch /
بيان المسئوليه,etc Henry James.
250 ## - بيان الطبعة
بيان الطبعة New ed. /
بقية بيان الطبعة edited by Andrew Taylor.
260 ## - PUBLICATION, DISTRIBUTION, ETC. (IMPRINT)
مكان الناشر او الموزع London :
اسم الناشر او الموزع Penguin,
تاريخ النشر أو التوزيع 2008.
300 ## - الوصف المادى
التعداد xxxviii, 179 p. ;
أبعاد الوعاء 20 cm.
490 1# - بيان السلسلة
عنوان السلسلة Penguin classics
500 ## - تبصرة عامة
تبصرة عامة Formerly CIP.
الهيئة التي ينطبق عليها الحقل Uk
650 #0 - المدخل الاضافى بالموضوع-مصطلح موضوعى
مصطلح موضوعي أو اسم جغرافي كعنصر مدخل Europeans
التقسيم الفرعي الجغرافي United States
التقسيم الفرعي الشكلي Fiction.
9 (RLIN) 8300
651 #0 - المدخل الاضافى بالموضوع - اسم جغرافى
الاسم الجغرافي United States
التقسيم الفرعي العام Social life and customs
التقسيم الفرعي الشكلي Fiction.
700 1# - المدخل الاضافى - اسم شخصى
الإسم الشخصى Taylor, Andrew,
التواريخ المصاحبة للاسم 1968-
9 (RLIN) 8301
830 #0 - المدخل الاضافى بالسلسلة -عنوان موحد
عنوان موحد Penguin classics
9 (RLIN) 8302
942 ## - عناصر المدخل الإضافي( كوها)
مصدر التصنيف او مخطط الترفيف Dewey Decimal Classification
Koha [default] item type DVD
المقتنيات
حالة الفقد نموذج السعر الفعال حالة تلف ليس للاعارة رقم الطلب رقم النسخة تاريخ الاكتساب الموقع الحالي الباركود الفرع الرئيسي Date last seen نوع المادة فى نظام كوها مصدر التصنيف او خطة الترفيف Total Checkouts
  2013-03-10     823.4 J H E n 1 2011-12-14 قسم الاجراءات الفنية (IC) 00100604 قسم الاجراءات الفنية (IC) 2013-03-10 كتاب Dewey Decimal Classification  
  2013-03-10     823.4 J H E n 2 2011-12-14 قسم الاجراءات الفنية (IC) 00100605 قسم الاجراءات الفنية (IC) 2013-03-10 كتاب Dewey Decimal Classification